| 000 | 01818nam a2200265Ia 4500 | ||
|---|---|---|---|
| 999 |
_c41554 _d41554 |
||
| 001 | 8222 | ||
| 003 | GE_BSU | ||
| 005 | 20240408163349.0 | ||
| 008 | 181216s2012||||ge |||||||||||||| ||geo|| | ||
| 020 | _a9789941197765 | ||
| 040 | _cGE_BSU | ||
| 041 | _ageo | ||
| 080 | _a913(=353.31)(560) ა-65 | ||
| 100 |
_aანდრიაძე, გიორგი _921744 |
||
| 245 |
_aუცნობი ისტორიული საქართველო : _b(ქრისტიანული ლაზეთი) / _cგიორგი ანდრიაძე, საქ. საპატრიარქოს წმ. ანდრია პირველწოდებულის ქართ. უნ-ტის სამეთვალყურეო საბჭოს თავმჯდომარე მიტროპოლიტი ანანია(ჯაფარიძე) ; რედ. ლელა ტუღუში ; მთარგმნ. : სესილი იმედაძე (ინგლ.), ოქტაი კაზუმოვი ; რუკები მოამზადა დავით გოგიაშვილმა ; ფოტოები ანა ანდრიაძისა. |
||
| 264 |
_aთბილისი : _bპალიტრა L, _c2012. |
||
| 300 |
_a100 გვ. : _bფოტ. ; _c22 სმ. |
||
| 504 | _aბიბლიოგრ. : გვ. 97 | ||
| 541 | _h15ლ. | ||
| 653 | _aუცნობი ისტორიული საქართველო | ||
| 700 |
_aტუღუში, ლელა _eრედაქტორი _921745 |
||
| 700 |
_dიმედაძე, სესილი _eმთარგმნელი _921746 |
||
| 700 |
_aკაზუმოვი, ოქტაი _eმთარგმნელი _921747 |
||
| 942 |
_cBK _2udc |
||